000 00821nmm a2200253 a 4500
001 ocm000598278
003 TR-IsHL
005 20201028124748.0
008 130902s2012 tu tur
007 cr cn
020 _a9789944491273
035 _a598278
_b(N$T)
050 0 4 _aBP75.27
_b.K37 2012
090 0 4 _aBP75.27
_b.K37 2012
100 1 _aKarataş, Mustafa
245 1 0 _aHz. Peygamber'in beden dili
_h[electronic resource] /
_cMustafa Karataş
260 _aİstanbul :
_bNun Yayıncılık,
_c2012
300 _a280 p.
650 4 _aFelsefe, Psikoloji ve Din
650 4 _aPhilosophy, Psychology and Religion
650 0 _aHz. Muhammed, 571-632
650 7 _aRELIGION / Islam / History
_2bisacsh
856 4 0 _uhttp://search.ebscohost.com/login.aspx?direct=true&scope=site&db=e011xww&AN=598278
999 _c3123
_d3123